Pensamiento y lenguaje

Saved in:
Bibliografiske detaljer
Hovedforfatter: Vigotsky, Lev Semionovich (Author)
Format: Bog
Sprog:spansk
Udgivet: La Habana Pueblo y Educación 1998
Udgivelse:2a. ed
Fag:
Tags: Tilføj Tag
Ingen Tags, Vær først til at tagge denne postø!

MARC

LEADER 00000nam a2200000 a 4500
001 UCK7173
003 CL-VaPUC
008 051111e19980000CU |||||||||||||||||spa|d
020 |a 9591304528 
082 0 4 |a 153.42  |b VIG  |2 21 
100 0 |a Vigotsky, Lev Semionovich  |e author  |9 496611 
245 1 0 |a Pensamiento y lenguaje 
250 |a 2a. ed 
300 |a 95 p 
942 |c BK 
945 |d 20051111 00:00:00  |a cmena 
260 |a La Habana  |b Pueblo y Educación  |c 1998 
650 0 |a Pensamiento  |9 307612 
650 0 |a Lenguaje   |9 265069 
650 0 |a Psicolingüística   |9 283371 
650 0 |a Desarrollo del lenguaje   |9 311270 
650 0 |a Cognición   |9 270347 
650 0 |a Creatividad   |9 310816 
583 |a last modification  |c 20051111 00:00:00  |k Rodrigo Vera 
999 |c 315214  |d 315212 
952 |0 0  |1 0  |4 0  |6 153_420000000000000_VIG_1998  |7 0  |8 A  |9 388189  |a BIBEDU  |b BIBEDU  |d 2019-11-22  |i 4178718  |l 3  |m 1  |o 153.42 VIG 1998  |p 4178718  |r 2024-05-03  |s 2024-04-29  |w 2019-11-22  |y BK  |k EBA